000 00564nam a22001817a 4500
999 _c61671
_d61671
005 20240416103055.0
008 240416s2007 enk||||| |||| 00| 0 eng d
020 _a 9780470018521x
041 _aeng
080 _a616-226.6 The-44
245 _aThe Cancer Handbook :
_bVolume 2 /
_cEditor Malcolm R. Alison.
264 _aSan Francisco:
_bWiley,
_c2007.
300 _a1573 p.:
_bill.;
_c29 cm.
653 _aკიბო
653 _aმედიცინა
700 _aAlison, Malcolm R.
_eრედაქტორი
_921802
942 _2udc
_cᲬᲘᲒᲜᲘ